000 00725nam a2200253Ia 4500
003 OSt
005 20220918224526.0
006 a|||||r|||| 00| 0
007 ta
008 220917b |||||||| |||| 00| 0 eng d
024 _a229,788
037 _cTextual
040 _aARTS
_cARTS
_beng
041 _2eng
_aeng
082 _aQ7:(R), P6
100 _aKhan Masood Ali Ed.
_9145416
245 0 _aIslamic thoughts and its philosophy
260 _aNew Delhi
_bCommonwealth Publisher India
_c2006
300 _aviii, 364p.
_ccm.
650 _aRELIGION
700 _a Azhar Iqbal Shaikh Ed.
_9148257
942 _hQ7:(R), P6
_cTEXL
_2CC
999 _c281513
_d281513